00317nam a2200121Ia 4500008004100000041000800041082001200049100001900061245004400080260003200124300003200156365000700188240624s9999 xx 000 0 und d aeng a823 TRI aTRIPATHI AMISH aIMMORTALS OF MELUHA BOOK 1 OF THE SHIVA c2010aNew DelhibTara Press axiii, : 398 : p. : cm. ; 19 cRS